| 000 | 00580nam a2200217 a 4500 | ||
|---|---|---|---|
| 003 | DO-SdBNP | ||
| 005 | 20180131121601.0 | ||
| 008 | 150826s 2000 sp 000 0 spa d | ||
| 020 | _a8489715513 | ||
| 040 |
_aBPMSU _bspa _cBPMSU |
||
| 245 | 0 | 4 |
_aLas mil y una noches / _canónimo |
| 260 |
_aMadrid : _bAlba, _c2000. |
||
| 300 |
_a573 p. : _c23 cm. |
||
| 490 | _aGrandes Clásicos | ||
| 500 | _aLibro de pasta dura. | ||
| 830 | _aGrandes Clásicos | ||
| 910 | _a00144 | ||
| 942 |
_2ddc _cBK |
||
| 945 | _aInventariado, 2018/MFF | ||
| 956 |
_aYngrid Lockward _b10 _2YLOCKWARD _8BPMSU |
||
| 999 |
_c9742 _d9742 |
||